000 00627cab a2200205 4500
001 ABS46512
008 090401t1992 xxu||||| |||| 00| 0 eng d
035 _a(Sirsi) u58615
041 _aeng
100 _aLittlefair, P.
245 _aAccess to daylight and sunlight
260 _c1992
350 _a0
490 _aThe Planner
_v78(12) June 1992, 9-10(2)
520 _aReview of the Building Research Establishment report on good practice on site layout and planning for daylight and sunlight. References.
650 _aLIGHT
690 _aBUILT ENVIRONMENT-CONSTRUCTION DESIGN
942 _n0
948 _c04/03/1997
999 _c35823
_d35823